An introduction to film studies
Saved in:
| Other Authors: | |
|---|---|
| Format: | Book |
| Language: | English |
| Published: |
London; New York :
Routledge,
2003
|
| Edition: | 3rd ed. |
| Subjects: | |
| Tags: |
Add Tag
No Tags, Be the first to tag this record!
|
MARC
| LEADER | 00000nam a2200000 i 4500 | ||
|---|---|---|---|
| 001 | 1/77822 | ||
| 008 | 050602s2003 eng d | ||
| 020 | |a 0-415-26268-2 | ||
| 035 | |l 10078343 | ||
| 040 | |a GR-MY-UA |b gre |e aacr | ||
| 041 | 0 | |a eng | |
| 082 | 0 | |a 791.43 |2 (21) | |
| 245 | 1 | 3 | |a An introduction to film studies / |c edited by Jill Nelmes |
| 250 | |a 3rd ed. | ||
| 260 | |a London; New York : |b Routledge, |c 2003 | ||
| 300 | |a xxv, 500 σ.; |b εικ.; |c 25 εκ. | ||
| 504 | |a Περιέχει βιβλιογραφικές παραπομπές (σ. [469]-482) και ευρετήριο | ||
| 650 | 0 | 0 | |a Motion pictures. |
| 700 | 1 | |a Nelmes, Jill |d 1954- |4 edt | |
| 852 | |a INST |b LESVOS |e 20050602 |h 791.43 INT |p 005100032116 |q 005100032116 |t BK |y 0 | ||
| 901 | |a BIBL1-2005-2 | ||
| 909 | |a Λ |b 113556 | ||
| 920 | |a ΔΙΕΥΡΥΝΣΗ |b ΕΠΕΑΕΚ-ΠΤΕ |y ΛΕΣΒΟΣ |z 2004-09 | ||
| 970 | |a ΚΑΡΑ |b ΓΙΑΣΕΜΗ |z 2005/06/02 | ||